| 000 | 00522nam a22001937a 4500 | ||
|---|---|---|---|
| 005 | 20251108164942.0 | ||
| 008 | 250721s1988 xx 000 0 ara d | ||
| 082 | 1 | 4 | _a214/رسا |
| 100 | 1 | _aالبصري، حسن | |
| 245 | 1 | 0 | _aرسائل العدل و التوحيد / |
| 250 | _aط2 | ||
| 264 | 1 |
_aبيروت : _bدار الشروق، _c1988. |
|
| 300 | _aج | ||
| 650 | 1 | 7 | _aالتوحيد |
| 650 | 1 | 7 | _aعلم الكلام |
| 700 | 1 |
_aعماره، محمد _eتحقيق |
|
| 942 |
_2ddc _cBK |
||
| 999 |
_c18259 _d18259 |
||